000 00380nam a2200169Ia 4500
003 0STCL
008 150530s9999 xx 000 0 und d
040 _aSTCL
_cSTCL
100 _aBhagavathi Charan Verma
245 _aChitralekha
260 _bBharathi Bandar; Prayag
_c0
300 _a0
546 _aHindi
942 _2ddc
_cBK
999 _c64108
_d64108
005 20220125171237.0